Santa Marta de Tera (Record no. 156477)
[ view plain ]
| 000 -LEADER | |
|---|---|
| campo de control de longitud fija | 00942nam a22002295i 4500 |
| 001 - NÚMERO DE CONTROL | |
| campo de control | 156477 |
| 003 - IDENTIFICADOR DE NÚMERO DE CONTROL | |
| campo de control | ES-MaACL |
| 005 - FECHA Y HORA DE LA ÚLTIMA TRANSACCIÓN | |
| campo de control | 20231112112806.0 |
| 008 - DATOS DE LONGITUD FIJA--INFORMACIÓN GENERAL | |
| campo de control de longitud fija | 150120s2005 sp |||| | spa d |
| 020 ## - NÚMERO INTERNACIONAL ESTÁNDAR DEL LIBRO | |
| Número Internacional Estándar del Libro | 84-933594-5-9 |
| 080 ## - NÚMERO DE LA CLASIFICACIÓN DECIMAL UNIVERSAL | |
| Número de la Clasificación Decimal Universal | 726.71(460.184) |
| 100 1# - ENTRADA PRINCIPAL--NOMBRE DE PERSONA | |
| Nombre de persona | Regueras Grande, Fernando. |
| 9 (RLIN) | 156140 |
| 245 10 - MENCIÓN DEL TÍTULO | |
| Título | Santa Marta de Tera |
| Resto del título | : monasterio e iglesia, abadía y palacio / |
| Mención de responsabilidad, etc. | Fernando Regueras Grande. |
| 260 ## - PUBLICACIÓN, DISTRIBUCIÓN, ETC. | |
| Lugar de publicación, distribución, etc. | Benavente : |
| Nombre del editor, distribuidor, etc. | Centro de Estudios Benaventanos "Ledo del Pozo", |
| Fecha de publicación, distribución, etc. | 2005 [i.e. 2006] |
| 300 ## - DESCRIPCIÓN FÍSICA | |
| Extensión | 145 p. : |
| Otras características físicas | il. col. y n. ; |
| Dimensiones | 25 cm. |
| 610 24 - PUNTO DE ACCESO ADICIONAL DE MATERIA--NOMBRE DE ENTIDAD CORPORATIVA | |
| Nombre de entidad corporativa o nombre de jurisdicción como elemento de entrada | Monasterio de Santa Marta de Tera. |
| 9 (RLIN) | 156141 |
| 710 2# - ENTRADA AGREGADA--NOMBRE DE ENTIDAD CORPORATIVA | |
| Nombre de entidad corporativa o nombre de jurisdicción como elemento de entrada | Centro de Estudios Benaventanos "Ledo del Pozo" |
| 9 (RLIN) | 144530 |
| 852 ## - LOCALIZACIÓN | |
| Ubicación | ES-MaACL |
| Número de control de estantería | A-13319 |
| itemnumber | 162239 |
| Sublocalización o colección | R.150318 |
| Ubicación en estantería | Depósito 1 |
| Signatura antigua | Olim: N-13319 |
| Donativo/Legado | Donación: Centro de Estudios Benaventanos |
| 914 ## - NOMBRE ENTIDAD DE DONANTE | |
| RLIN | 144530 |
| Nombre de congreso/reunión o jurisdicción como elemento de entrada | Centro de Estudios Benaventanos "Ledo del Pozo" |
| Unidad subordinada | Donante |
| 942 ## - ELEMENTOS DE ENTRADA SECUNDARIOS (KOHA) | |
| Fuente del sistema de clasificación o colocación | Clasificación decimal universal |
| Tipo de ítem Koha | Libro impreso |
| Estatus retirado | Estado de pérdida | Fuente del sistema de clasificación o colocación | Estado de daño | No para préstamo | Biblioteca de origen | Biblioteca actual | Ubicación en estantería | Fecha de adquisición | Fuente de adquisición | Total de préstamos | Signatura topográfica completa | Código de barras | Visto por última vez | Precio de reemplazo | Tipo de ítem Koha |
|---|---|---|---|---|---|---|---|---|---|---|---|---|---|---|---|
| Clasificación decimal universal | Biblioteca del Ateneo de Madrid | Biblioteca del Ateneo de Madrid | Depósito 1 | 17/01/2008 | Donación | A-13319 | 1163709 | 23/02/2023 | 23/02/2023 | Libro impreso |
